000
00281nam a22001337a 4500
020
_a
1-8442-2666-2
082
_a
823
_b
HOR/I
100
_a
HORSLEY LORRAINE
245
_a
INVENTORS
260
_a
LONDON
_b
LADY BIRD
300
_a
29
650
_a
ENGLISH SHORT STORY
_z
UK
942
_c
BK
999
_c
1873
_d
1873